| 000 | 01297cam a22003374a 4500 | ||
|---|---|---|---|
| 001 | 13974618 | ||
| 003 | OSt | ||
| 005 | 20211230145049.0 | ||
| 008 | 050519s2005 ne a b 001 0 eng | ||
| 010 | _a 2005014320 | ||
| 020 | _a0750678364 (casebound : alk. paper) | ||
| 038 | _akhadija | ||
| 040 |
_aDLC _cDLC _dDLC _dDLC |
||
| 042 | _apcc | ||
| 050 | 0 | 0 |
_aTJ1075 _b.S78 2005 |
| 082 | 0 | 0 |
_a621.89 _222 _bSTA |
| 100 | 1 |
_aStachowiak, G. W. _q(Gwidon W.) _987156 |
|
| 245 | 1 | 0 |
_aEngineering tribology / _cGwidon W. Stachowiak, Andrew W. Batchelor. |
| 250 | _a3rd ed. | ||
| 260 |
_aAmsterdam ; _aBoston : _bElsevier Butterworth-Heinemann, _c2005. |
||
| 300 |
_axxiv, 801 p. : _bill. ; _c27 cm. |
||
| 504 | _aIncludes bibliographical references and index. | ||
| 563 | _aHB | ||
| 650 | 0 |
_aTribology. _987157 |
|
| 700 | 1 |
_aBatchelor, A. W. _q(Andrew W.) _987158 |
|
| 856 | 4 | 1 |
_3Table of contents only _uhttp://www.loc.gov/catdir/toc/ecip0513/2005014320.html |
| 856 | 4 | 2 |
_3Publisher description _uhttp://www.loc.gov/catdir/enhancements/fy0622/2005014320-d.html |
| 906 |
_a7 _bcbc _corignew _d1 _eecip _f20 _gy-gencatlg |
||
| 942 |
_2ddc _cBK |
||
| 999 |
_c33027 _d33027 |
||